=LDR 00000nam 2200000 4500 =001 INLIS000000000050140 =990 ##$$a 31700343 =005 20170420082857.0 =990 ##$$a 31700344 =006 =007 =008 =020 ##$$a 978 - 602 - 9251 01 - 2 =035 ##$$0010-041700000000330 =040 ##$$a NBPDMAT =082 ##$$a 398.209 =090 ##$$a 398. 209 Pur p =100 ##$$a Purwokartun, Nassirum =245 ##$$a Penagsang : $b Kidung Takhta Asmara / $c Nassirum Purwokartun =250 ##$$a Cet. 1 =260 ##$$a Solo : $b Tiga Serangkai, $c 2011 =300 ##$$a xvi, 672 hlm. : $b ilus. ; $c 21 cm. =650 ##$$a Cerita Rakyat